A feasibility study of fish/duck integrated farming at the family level in central and northeast Thailand

שמור ב:
מידע ביבליוגרפי
פורמט: ספר
שפה:Undetermined
יצא לאור: Bangkok, Thailand Environmental Sanitation Information Center Asian Institute of Technology 1983
נושאים:
תגים: הוספת תג
אין תגיות, היה/י הראשונ/ה לתייג את הרשומה!
Thư viện lưu trữ: Trung tâm Học liệu Trường Đại học Cần Thơ
LEADER 00635nam a2200169Ia 4500
001 CTU_150590
008 210402s9999 xx 000 0 und d
082 |a 639.311 
082 |b F288 
245 2 |a A feasibility study of fish/duck integrated farming at the family level in central and northeast Thailand 
245 0 |c Peter Edwards ...[et al.] 
260 |a Bangkok, Thailand 
260 |b Environmental Sanitation Information Center Asian Institute of Technology 
260 |c 1983 
650 |a Fishery scientists,Nghiên cứu nghề cá 
904 |i Trọng Hải 
980 |a Trung tâm Học liệu Trường Đại học Cần Thơ